[Event "RSA-ch U08"]
[Site "Bloemfontein"]
[Date "2016.03.22"]
[Round "5"]
[White "Louw, Phillipus Stephanus"]
[Black "Arnold, Wicus"]
[Result "1-0"]
[WhiteElo "775"]
[BlackElo "698"]
[PlyCount "20"]
[EventDate "2016.03.20"]
[EventType "swiss"]
[EventRounds "11"]
[EventCountry "RSA"]
[SourceTitle "CBM 171 Extra"]
[Source "ChessBase"]
[SourceDate "2016.04.26"]
[SourceVersion "1"]
[SourceVersionDate "2016.04.26"]
[SourceQuality "1"]

1. e4 e5 2. Nf3 Nc6 3. Bc4 Bc5 4. c3 f6 5. d4 Bb6 6. dxe5 fxe5 7. Bg5 Nge7 8. Nbd2 h6 9. Bh4 d5 10. exd5 Nxd5 1-0